Χρήση στατιστικών μεθόδων στην χρηματοοικονομική ανάλυση μια εφαρμογή στις εταιρείες ΦΑΓΕ Α.Ε. - ΔΕΛΤΑ Α.Ε. : πτυχιακή εργασία
Αποθηκεύτηκε σε:
| Κύριος συγγραφέας: | |
|---|---|
| Συγγραφή απο Οργανισμό/Αρχή: | |
| Άλλοι συγγραφείς: | |
| Μορφή: | Thesis Βιβλίο |
| Γλώσσα: | Greek |
| Δημοσίευση: |
2001
|
| Θέματα: | |
| Ετικέτες: |
Προσθήκη ετικέτας
Δεν υπάρχουν, Καταχωρήστε ετικέτα πρώτοι!
|
MARC
| LEADER | 00000cam a2200000 i 4500 | ||
|---|---|---|---|
| 001 | 1/22936 | ||
| 008 | 011029s2001 gre d | ||
| 035 | |l 10067569 | ||
| 040 | |a GR-MY-UA |b gre |e aacr | ||
| 041 | 0 | |a gre | |
| 082 | 0 | |a 658.15 |2 (22) | |
| 100 | 1 | |a Τριμερίτη, Κασσιανή. | |
| 245 | 1 | 0 | |a Χρήση στατιστικών μεθόδων στην χρηματοοικονομική ανάλυση μια εφαρμογή στις εταιρείες ΦΑΓΕ Α.Ε. - ΔΕΛΤΑ Α.Ε. : |b πτυχιακή εργασία / |c Τριμερίτη Κασσιανή |
| 260 | |c 2001 | ||
| 300 | |a 224 σ.; |c 30 εκ. | ||
| 502 | # | # | |a Πτυχιακή εργασία – Πανεπιστήμιο Αιγαίου, Χίος, 2001. |
| 504 | |a Περιλαμβάνει βιβλιογραφία | ||
| 610 | 2 | 0 | |a Πανεπιστήμιο Αιγαίου. |
| 650 | 0 | 0 | |a Business enterprises |x Finance. |
| 650 | 0 | 0 | |a Business enterprises |x Case studies. |
| 650 | 0 | 0 | |a Business enterprises |x Statistical methods. |
| 650 | 0 | 0 | |a Dissertations, Academic |z Greece. |
| 700 | 1 | |a Αγγελής, Βασίλης. |4 ths | |
| 710 | 1 | |a Πανεπιστήμιο Αιγαίου |b Σχολή Επιστημών της Διοίκησης |b Τμήμα Διοίκησης Επιχειρήσεων - Τ.Δ.Ε. | |
| 852 | |a INST |b CHIOS |c DIATR |e 20011029 |h 658.15 ΤΡΙ |p 005200020839 |q 005200020839 |t DIE |y 23 | ||
| 901 | |a BIBL2-2001-3 | ||
| 909 | |a Χ |b 098228 | ||
| 924 | |a ΤΡΙΜΕΡΙΤΗ |b ΚΑΣΣΙΑΝΗ |y ΧΙΟΣ |z 2001-10 | ||
| 970 | |a ΝΤΟΥΜΗ |b ΜΑΡΙΑ |z 2001/10/29 | ||